000 00732nam a2200157 a 4500
008 101216s2010 ||||||||||||||||| || u
050 _aGOV.ZAM(02)2010/8A
110 _aGovernment of the Republic of Zambia (GRZ)
245 1 0 _aPublic Service Management Project Guide 2010
260 _aLusaka
_bGovernment of the Republic of Zambia (GRZ)
_c2010
300 _a7p.
350 _a0.00
650 _aCIVIL SERVICE--ZAMBIA
995 _aSPECIAL COLLECTIONS
_e1819
_FCBU-MAIN LIBRARY (Kitwe)
_I0.00
_jGOV.ZAM(02)2010/8B
_M2
_UAVAILABLE
_WFeb 17, 2015
_yB1819
_ZZambiana Collection
995 _aSPECIAL COLLECTIONS
_D0.00
_e03007492
_FCBU-MAIN LIBRARY (Kitwe)
_H1
_I0.00
_jGOV.ZAM(02)2010/ 8A
_M1
_UAVAILABLE
_WDec 28, 2010
_y03007492
_ZZambiana Collection
999 _c77163
_d77163